CMMS Computerized maintenance management system MP2 professional automatizovaný systém riadenia a údržby majetku

Salvato in:
Dettagli Bibliografici
Natura: Libro
Lingua:slovacco
Pubblicazione: Žilina Inseko [1998]
Soggetti:
Tags: Aggiungi Tag
Nessun Tag, puoi essere il primo ad aggiungerne!!

MARC

LEADER 00000nam a2200000 4500
001 c106235
005 20221109093244.5
041 0 |a slo 
044 |a SK 
245 1 0 |a CMMS Computerized maintenance management system MP2 professional  |b automatizovaný systém riadenia a údržby majetku 
264 1 |a Žilina  |b Inseko  |c [1998] 
300 |a [22] s. 
610 2 0 |a systémy automatické 
610 2 0 |a systémy riadenia 
610 2 0 |a údržba 
610 2 0 |a majetok 
610 2 0 |a moduly 
610 2 0 |a MP2 Professional 5.0